Chromatin and chromosome structure (Record no. 28604)

MARC details
000 -LEADER
fixed length control field 00403nam a2200157Ia 4500
082 ## - DEWEY DECIMAL CLASSIFICATION NUMBER
Classification number 576.316
Item number JEI
100 ## - MAIN ENTRY--AUTHOR NAME
Personal name ECKHARDT, Ronald A
245 #0 - TITLE STATEMENT
Title Chromatin and chromosome structure
260 ## - PUBLICATION, DISTRIBUTION, ETC. (IMPRINT)
Place of publication New York
Name of publisher Academic
Year of publication 1977
650 ## - SUBJECT ADDED ENTRY--TOPICAL TERM
Topical Term Chromatin
650 ## - SUBJECT ADDED ENTRY--TOPICAL TERM
Topical Term Chromosome
650 ## - SUBJECT ADDED ENTRY--TOPICAL TERM
Topical Term Lampbrush chromosome
700 ## - ADDED ENTRY--PERSONAL NAME
Personal name JEILI, Hsueh
942 ## - ADDED ENTRY ELEMENTS (KOHA)
Koha item type Books
Holdings
Withdrawn status Lost status Damaged status Not for loan Home library Current library Date acquired Full call number Accession Number Koha item type
        RRII Library RRII Library 16/12/2021 576.316 JEI 09203 Books